Watershed Planning And Managemnt (Record no. 185)

MARC details
000 -LEADER
fixed length control field 00319nam a22001457a 4500
020 ## - INTERNATIONAL STANDARD BOOK NUMBER
International Standard Book Number 978-8486882405
041 ## - LANGUAGE CODE
Language code of text/sound track or separate title ENG
100 ## - MAIN ENTRY--PERSONAL NAME
Personal name Singh R. J
245 ## - TITLE STATEMENT
Title Watershed Planning And Managemnt
250 ## - EDITION STATEMENT
Edition statement Third
260 ## - PUBLICATION, DISTRIBUTION, ETC. (IMPRINT)
Place of publication, distribution, etc jaipur
Name of publisher, distributor, etc Yash Pub House
Date of publication, distribution, etc 2016
300 ## - PHYSICAL DESCRIPTION
Extent 644
650 ## - SUBJECT ADDED ENTRY--TOPICAL TERM
Topical term or geographic name as entry element SWCE
856 ## - ELECTRONIC LOCATION AND ACCESS
Uniform Resource Identifier SWCE ( 06 )
Holdings
Withdrawn status Lost status Source of classification or shelving scheme Damaged status Not for loan Home library Current library Date acquired Cost, normal purchase price Total Checkouts Barcode Date last seen Price effective from Koha item type Shelving location Date checked out
    Dewey Decimal Classification     College of Agricultural Engineering and Technology, Dapoli , Library College of Agricultural Engineering and Technology, Dapoli , Library 04/10/2021   3 004941 04/03/2025 04/10/2021 Books Book Cart 27/02/2025
    Dewey Decimal Classification     College of Agricultural Engineering and Technology, Dapoli , Library College of Agricultural Engineering and Technology, Dapoli , Library 04/10/2021   3 004942 27/03/2026 04/10/2021 Books Book Cart 29/04/2025
    Dewey Decimal Classification     College of Agricultural Engineering and Technology, Dapoli , Library College of Agricultural Engineering and Technology, Dapoli , Library 04/10/2021 1095.00 6 003593 02/06/2025 04/10/2021 Books Book Cart 26/05/2025
    Dewey Decimal Classification     College of Agricultural Engineering and Technology, Dapoli , Library College of Agricultural Engineering and Technology, Dapoli , Library 04/10/2021 1095.00 12 003594 20/06/2025 04/10/2021 Books Book Cart 05/06/2025
    Dewey Decimal Classification     College of Agricultural Engineering and Technology, Dapoli , Library Liberty 18/01/2021 3995.00   007777 18/01/2021 18/01/2021 Books    

Contact Us: College of Agricultural Engineering and Technology, Dapoli, Dist.- Ratnagiri
Website: https://dbskkv.org Email: caetlibrary2015@gmail.com